Encuentros inciertos: globalización y territorios locales en Centroamérica /

שמור ב:
מידע ביבליוגרפי
מחבר ראשי: Pérez Sáinz, Juan Pablo
מחבר תאגידי: FLACSO. Programa Costa Rica
מחברים אחרים: Rivera Araya, Roy, Cordero Ulate, Allen, Morales Gamboa, Abelardo
פורמט: לא ידוע
יצא לאור: San José: FLACSO. Programa Costa Rica
נושאים:
תגים: הוספת תג
אין תגיות, היה/י הראשונ/ה לתייג את הרשומה!

MARC

LEADER 00000 a2200000 04500
001 11615
003
008 991231s d
040
090 |a 140201  
100 |a Pérez Sáinz, Juan Pablo  
110 |a FLACSO. Programa Costa Rica  
245 |a Encuentros inciertos: globalización y territorios locales en Centroamérica /  |c Juan Pablo Pérez Sáinz  
260 |a San José:   |b FLACSO. Programa Costa Rica  
300 |a 273 p.  
650 |a GLOBALIZACION  
650 |a LIBERALIZACION DEL INTERCAMBIO  
650 |a DESARROLLO LOCAL  
650 |a DESARROLLO REGIONAL  
700 |a Rivera Araya, Roy  
700 |a Cordero Ulate, Allen  
700 |a Morales Gamboa, Abelardo  
999 |c 14011  |d 14011